00796 2200289 4500001002100000005001500021035002000036007000300056040001700059100002900076245007300105250001100178300004800189020002200237041000800259082000800267084001400275090002000289264002900309336002100338337003000359338002300389650001400412850001000426008004100436504002900477INLIS00000000000498420260516075209 a0010-0222000074ta aSBPUPADbind0 aIbnu GhifarieePengarang1 aMerayakan Keragaman :bMengenal Lebih Dekat Ragam Agama di Indonesia aCet 1 axiii, 184 hal. :billus. ;c14,5 x 20,5 cm a978-602-7829-47-30 aind a302 a302 IBN m a322.3 SJA t 3 6 ajakarta :bExpose,c2018 2rdacontentaTeks 2rdamediaaTanpa Perantara 2rdacarrieraVolume 4aKeragaman aPUPAD260516 0  abibliografi, 181-184 hlm